| 000 | 01329cab a22002415a 4500 | ||
|---|---|---|---|
| 001 | L151287 | ||
| 008 | 101014e20101009xxk 000 0 eng d | ||
| 035 | _a(Sirsi) u151287 | ||
| 041 | 0 | _aeng | |
| 100 | 1 | _aEdwards, Martin | |
| 245 | 0 | 2 | _aA thorny issue |
| 260 | _c2010 | ||
| 490 |
_aEstates Gazette _v(1040) 9 October 2010, 96-98(3) |
||
| 520 | _a"R (on the application of Sainsbury's Supermarkets Ltd) v Wolverhampton City Council" [2010] UKSC 20 challenged the authority given to local planning authorities (LPA)s to acquired land compulsorily for planning purposes as set out in the Town and Country Planning Act 1990 s226 as amended by the Planning and Compulsory Purchase Act 2004 s99 . The appeal concerned the scope of amended s226 of the 1990 Act and the use of acquiring authorities powers. As a result of this landmark decision, LPAs will re-examine regeneration schemes which require compulsory acquisition of third party land. | ||
| 590 | _aKA | ||
| 650 | 2 | 4 | _aR (ON THE APPLICATION OF SAINSBURY'S SUPERMARKETS LTD) V WOLVERHAMPTON CITY COUNCIL |
| 650 | 2 | 4 | _aTOWN AND COUNTRY PLANNING ACT 1990 S226 |
| 650 | 2 | 4 | _aPLANNING AND COMPULSORY PURCHASE ACT 2004 S99 |
| 651 | 4 | _aENGLAND AND WALES | |
| 690 | _aENVIRONMENT AND LAND CONSULTANCY-PLANNING AND DEVELOPMENT | ||
| 700 | 1 | _aMartin, John | |
| 942 | _n0 | ||
| 999 |
_c82748 _d82748 |
||